Základy viery

Bibliographic Details
Main Author: Madinger, Herbert (Author)
Format: Book
Language:Slovak
German
PhysicalDescription:[178] s. 29 cm
Published: [S.l.] [s.n.] [1991]
Edition:[1. vyd.]
Subjects:

MARC

LEADER 00000nam a2200000 a 4500
001 vtls010338551
003 SK-MaSNL
005 20260302015046.0
008 240318s1991 xx g 000 0 slo
020 |q (brož.) 
035 |a 563693BE-8C84-4B97-ADC2-87A4370F3C1E 
035 |a urn:nbn:sk:snk-amyg5y 
035 |a urn:nbn:sk:snk-am00clep 
040 |a SNK  |b slo  |c SNK  |e AACR2 
041 1 |a slo  |h ger 
044 |a xx 
072 7 |a 2  |x Náboženstvo  |2 konspekt 
080 |a 2-184.3  |2 2001 
080 |a 17.02  |2 2001 
080 |a 2-1+1  |2 2001 
080 |a (048.8)  |2 2001 
100 1 |a Madinger, Herbert  |4 aut  |9 288310 
245 1 0 |a Základy viery  |c Herbert Madinger 
250 |a [1. vyd.] 
260 |a [S.l.]  |b [s.n.]  |c [1991] 
300 |a [178] s.  |c 29 cm 
500 |a Pravdepodobne prel. z nem. 
650 0 7 |a viera  |2 SNKPH  |9 22707 
650 0 7 |a náboženská viera  |2 SNKPH  |9 67877 
650 0 7 |a zmysel života  |2 SNKPH  |9 4977 
650 0 7 |a filozofia náboženstva  |2 SNKPH  |9 1936 
655 7 |a štúdie  |2 SNKPH  |9 57033 
999 |c 1019502  |d 1021432 
952 |a SNK  |b SNK  |y PREZ  |7 0  |p 17A0766279  |o snkSB 81288  |i snk2012/2504  |8 1  |0 0  |1 0  |4 0  |d 2012-01-31  |f 1  |l 0  |r 2025-05-05 00:00:00  |w 2026-02-24